000 01320cam a22003491 4500
999 _c125787
_d125787
001 3108156
003 ARRUPE
005 20170228091156.0
007 hduafb---baca
007 hdubfb---baaa
008 730522r19741926dcu a 000 0 eng
010 _a 26012446
040 _aDLC
_cDLC
_dDLC
043 _ae-uk---
050 0 0 _aBR115.E3
_bT3 1926
050 0 0 _aMicrofilm 52007 (B)
100 1 _aTawney, R. H.
_d1880-1962.
_927636
245 1 0 _aReligion and the rise of capitalism
_ba historical study /
_cby R. H. Tawney.
260 _aNew York,
_bHarcourt, Brace and company
_c1926
300 _a280 p.
_c23 cm.
490 0 _aHolland memorial lectures, 1922
500 _aCall number of original: BR115.E3T3 1926a.
500 _aMaster microform held by: DLC.
505 0 _aThe medieval background -- the continental reformers -- the Church of England -- the Puritan movement.
533 _aMicrofilm.
_bWashington, D.C. :
_cLibrary of Congress Photoduplication Service,
_d1974.
_e1 microfilm reel ; 35 mm.
650 0 _aChristianity and capitalism
_927637
906 _a7
_bcbc
_corignew
_du
_eocip
_f19
_gy-genmicro
942 _2lcc
_cMONOGRAPH